000 00468nam a2200181Ia 4500
003 GCL
008 140319s9999 xx 000 0 ara d
040 _aGCL /
_cGCL
082 0 4 _a813.01
_bى ت
100 1 _aيحيى يخلف
245 1 0 _aتلك المرأة الوردة /
_cيحيى يخلف
490 _a
650 0 4 _aالادب العربى
650 0 4 _aالادب
650 0 4 _aالقصة
650 0 4 _aالقصائد الدينية
942 _2ddc
_cBK
999 _c40603
_d40603